LEADER 02445oas 2201033 a 450 001 9910143219603321 005 20260224110035.0 011 $a1612-4790 035 $a(DE-599)ZDB2075054-7 035 $a(OCoLC)54530763 035 $a(CONSER) 2007233745 035 $a(CKB)111084892763004 035 $a(DE-599)2075054-7 035 $a(EXLCZ)99111084892763004 100 $a20040304a20009999 sy a 101 0 $aeng 135 $aurbn||||||abp 135 $aurbn||||||ada 181 $ctxt$2rdacontent 182 $cc$2rdamedia 183 $acr$2rdacarrier 200 00$aCognitive processing 210 $aLengerich $cPabst Science 210 31$aHeidelburg :$cSpringer Verlag 215 $a1 online resource 300 $aRefereed/Peer-reviewed 300 $a"International quarterly of cognitive science." 311 08$a1612-4782 531 0 $aCogn. process. 606 $aCognition$vPeriodicals 606 $aCognition$xphysiology 606 $aCognition$vPe?riodiques 606 $aCognition$2fast$3(OCoLC)fst00866457 606 $aKognitionswissenschaft$2gnd 606 $aPsychologie$2gtt 606 $aCognició$2thub 608 $aPeriodicals.$2fast 608 $aPeriodicals.$2lcgft 608 $aZeitschrift$2swd 608 $aOnline-Publikation$2swd 608 $aRevistes electròniques.$2thub 615 0$aCognition 615 12$aCognition$xphysiology. 615 6$aCognition 615 7$aCognition. 615 7$aKognitionswissenschaft 615 17$aPsychologie. 615 7$aCognició. 676 $a153 801 0$bOUN 801 1$bOUN 801 2$bMUQ 801 2$bOCLCQ 801 2$bOCL 801 2$bGUA 801 2$bUKMGB 801 2$bOCLCQ 801 2$bOCLCF 801 2$bVT2 801 2$bOCLCQ 801 2$bDEFHM 801 2$bOCLCO 801 2$bEZC 801 2$bDLC 801 2$bAUD 801 2$bNJT 801 2$bUBY 801 2$bOCLCE 801 2$bAZU 801 2$bUAB 801 2$bFIE 801 2$bS2H 801 2$bSFB 801 2$bQGK 801 2$bBWN 801 2$bAU@ 801 2$bOCLCO 801 2$bOCLCQ 801 2$bOCLCO 801 2$bOCLCQ 801 2$bU3W 801 2$bSXB 801 2$bOCLCL 801 2$bOCLCA 801 2$bOCLCQ 906 $aJOURNAL 912 $a9910143219603321 996 $aCognitive processing$91413748 997 $aUNINA